000 01726cam a22003858a 4500
001 14356835
003 OSt
005 20180316143557.0
008 060427s2006 mau b 001 0 eng
010 _a 2006014205
020 _a9780632046560 (alk. paper)
020 _a0632046562 (alk. paper)
035 _a(DNLM)101275411
040 _aDNLM/DLC
_cDLC
_dDLC
042 _apcc
050 0 0 _aRB155
_b.K666 2006
060 1 0 _aQZ 18.2
_bK84hu 2006
082 0 0 _aQS 541 K81h 2007
100 1 _aKorf, Bruce R.
_9138
245 1 0 _aHuman Genetics and Genomics
250 _a3rd ed.
260 _aMalden;
_bBlackwell Pub.,
_cc2006.
263 _a1111
300 _aix, 278p. ;
_c28cm.
_bcol.ill:
500 _aRev. ed. of: Human genetics / Bruce R. Korf. 2nd ed. c2000.
504 _aIncludes bibliographical references and index.
505 0 _aDNA structure and function -- Genetic variation -- Patterns of inheritance -- The human genome -- Multifactorial inheritance -- Cell division and chromosomes -- Population genetics -- Cancer genetics -- Chromosome translocation -- Molecular diagnosis -- Newborn screening -- Developmental genetics -- Carrier screening -- Genetic risk assessment -- Genetic testing for risk of cancer -- Pharmacogenetics -- Gene therapy.
650 0 _aGenetics
_9139
650 2 2 _aGenomics
_9143
856 4 1 _3Table of contents only
_uhttp://www.loc.gov/catdir/toc/ecip0613/2006014205.html
856 4 2 _3Contributor biographical information
_uhttp://www.loc.gov/catdir/enhancements/fy0802/2006014205-b.html
856 4 2 _3Publisher description
_uhttp://www.loc.gov/catdir/enhancements/fy0802/2006014205-d.html
906 _a0
_bvip
_corignew
_d1
_eecip
_f20
_gy-gencatlg
942 _2z
_cO_SHELF
999 _c43
_d43